[Event "Muensterland Regionalliga 1920"]
[Site "Germany"]
[Date "2019.09.28"]
[Round "2.7"]
[White "Morrien, Rolf"]
[Black "Wild, Helmut"]
[Result "0-1"]
[WhiteElo "1692"]
[BlackElo "1855"]
[PlyCount "110"]
[EventDate "2019.09.07"]
[EventType "team-tourn"]
[EventRounds "7"]
[EventCountry "GER"]
[SourceTitle "EXT 2023"]
[Source "ChessBase"]
[SourceDate "2022.10.05"]
[SourceVersion "1"]
[SourceVersionDate "2022.10.05"]
[SourceQuality "1"]
[WhiteTeam "Metelen"]
[BlackTeam "Steinfurt"]
[WhiteTeamCountry "GER"]
[BlackTeamCountry "GER"]

1. f4 c5 2. Nf3 Nc6 3. e3 g6 4. c3 Bg7 5. d4 cxd4 6. exd4 d6 7. Bd3 e6 8. 0-0 Nge7 9. Nbd2 0-0 10. Qc2 a6 11. Kh1 b5 12. a3 Bb7 13. Nb3 Rc8 14. Qe2 Na5 15. Nxa5 Qxa5 16. Bd2 Qa4 17. Rfc1 Bd5 18. Qf2 Nc6 19. Be1 Bc4 20. Bc2 Bb3 21. Bd3 Bc4 22. Bc2 Bb3 23. Bd3 Na5 24. h3 Nc4 25. Kh2 Qa5 26. Rcb1 Qc7 27. g3 Rfe8 28. Nd2 Nxd2 29. Bxd2 e5 30. Be3 f5 31. Re1 Re7 32. Re2 Rce8 33. Rae1 Bc4 34. Bxc4+ Qxc4 35. dxe5 dxe5 36. Bd4 e4 37. Bxg7 Kxg7 38. Rd1 Qe6 39. Qd4+ Qf6 40. Kg2 Rc8 41. Kf2 Rcc7 42. Ke3 Qxd4+ 43. Rxd4 Rcd7 44. Red2 Rxd4 45. Rxd4 Kf6 46. a4 Ke6 47. axb5 axb5 48. Rb4 Rb7 49. c4 Kd6 50. Kd4 Kc6 51. g4 Rd7+ 52. Ke5 e3 53. cxb5+ Kc5 54. Ra4 e2 55. Ra1 Rd1 0-1

[Event "Muensterland Verbandsklasse 1617"]
[Site "Germany"]
[Date "2016.11.12"]
[Round "3.8"]
[White "Pohlmeier, Ulrich"]
[Black "Morrien, Rolf"]
[Result "1/2-1/2"]
[WhiteElo "1588"]
[BlackElo "1656"]
[PlyCount "135"]
[EventDate "2016.09.24"]
[EventType "team"]
[EventRounds "9"]
[EventCountry "GER"]
[SourceTitle "EXT 2018"]
[Source "ChessBase"]
[SourceDate "2017.10.13"]
[SourceVersion "1"]
[SourceVersionDate "2017.10.13"]
[SourceQuality "1"]
[WhiteTeam "Rheine Klein Berlin II"]
[BlackTeam "Metelen"]
[WhiteTeamCountry "GER"]
[BlackTeamCountry "GER"]

1. d4 f5 2. c4 Nf6 3. g3 e6 4. Bg2 c6 5. Nc3 d5 6. cxd5 exd5 7. Nf3 Bd6 8. 0-0 0-0 9. e3 Ne4 10. Nxe4 fxe4 11. Nd2 Nd7 12. f3 exf3 13. Bxf3 Nf6 14. a3 Qc7 15. Kg2 Bd7 16. b4 a6 17. Nb3 Rae8 18. Nc5 Bc8 19. Bd2 Rf7 20. Rc1 Bxc5 21. Rxc5 Qd7 22. Rc1 Ref8 23. Qe2 Qh3+ 24. Kg1 Ng4 25. Qg2 Nf6 26. Qe2 Ng4 27. Qg2 Nf6 28. Qe2 Be6 29. Rce1 Ng4 30. Qg2 Qxh2+ 31. Qxh2 Nxh2 32. Kxh2 Rxf3 33. Rxf3 Rxf3 34. Kg2 Bg4 35. Rf1 Rf7 36. Rf4 h5 37. e4 dxe4 38. Rxf7 Kxf7 39. Bf4 Ke6 40. Kf2 Kd5 41. Ke3 Bf5 42. a4 Kc4 43. Bd6 Kd5 44. Be7 Bg4 45. Bf8 g6 46. Be7 Ke6 47. Bd8 Kf5 48. Be7 Bf3 49. Kf2 Kg4 50. Bf6 g5 51. Be5 h4 52. gxh4 Kxh4 53. a5 Kg4 54. Bd6 Kf5 55. Ke3 Ke6 56. Bc5 Kd5 57. Be7 g4 58. Bh4 Kc4 59. Be1 Kb3 60. Kf4 Kc2 61. Ke3 Kd1 62. Bg3 Kc2 63. Be1 Kb3 64. Kf4 Kc4 65. Ke3 g3 66. Bxg3 Kxb4 67. Bc7 Kb5 68. Bb6 1/2-1/2

[Event "Muensterland Verbandsklasse-B 0304"]
[Site "Germany"]
[Date "2004.03.27"]
[Round "8.4"]
[White "Morrien, Rolf"]
[Black "Sindermann, Erwin"]
[Result "1/2-1/2"]
[WhiteElo "1734"]
[BlackElo "1871"]
[PlyCount "83"]
[EventDate "2003.09.20"]
[EventType "team"]
[EventRounds "9"]
[EventCountry "GER"]
[SourceTitle "EXT 2005"]
[Source "ChessBase"]
[SourceDate "2004.11.15"]
[SourceVersion "1"]
[SourceVersionDate "2004.11.15"]
[SourceQuality "1"]
[WhiteTeam "Metelen"]
[BlackTeam "Duelmen"]
[WhiteTeamCountry "GER"]
[BlackTeamCountry "GER"]

1. f4 Nf6 2. Nf3 d6 3. e3 c5 4. Bb5+ Nbd7 5. c3 a6 6. Ba4 b5 7. Bc2 Bb7 8. 0-0 g6 9. Qe1 Bg7 10. e4 e5 11. d3 0-0 12. Ng5 h6 13. Nf3 Re8 14. Qh4 Nh5 15. g3 exf4 16. gxf4 Qxh4 17. Nxh4 c4 18. dxc4 Bxe4 19. Bxe4 Rxe4 20. cxb5 axb5 21. Ng2 d5 22. Rd1 d4 23. Kf1 Nc5 24. cxd4 Bxd4 25. Nc3 Bxc3 26. bxc3 Na4 27. Rd3 Rc8 28. f5 g5 29. Rh3 Nf4 30. Nxf4 gxf4 31. Rxh6 Nxc3 32. Bb2 Kg7 33. Rh3 Re3 34. Rh4 Rc4 35. Rc1 Kf6 36. Bxc3+ Rexc3 37. Rxc3 Rxc3 38. Rxf4 Rc1+ 39. Kg2 Rc5 40. Kg3 Rxf5 41. h4 Kg6 42. Rb4 1/2-1/2

[Event "Muensterland Verbandsklasse-B 0304"]
[Site "Germany"]
[Date "2003.11.15"]
[Round "3.4"]
[White "Morrien, Rolf"]
[Black "Stepa, Rainer"]
[Result "0-1"]
[WhiteElo "1734"]
[BlackElo "1814"]
[PlyCount "72"]
[EventDate "2003.09.20"]
[EventType "team"]
[EventRounds "9"]
[EventCountry "GER"]
[SourceTitle "EXT 2005"]
[Source "ChessBase"]
[SourceDate "2004.11.15"]
[SourceVersion "1"]
[SourceVersionDate "2004.11.15"]
[SourceQuality "1"]
[WhiteTeam "Metelen"]
[BlackTeam "Westbevern II"]
[WhiteTeamCountry "GER"]
[BlackTeamCountry "GER"]

1. f4 d5 2. Nf3 Nf6 3. e3 e6 4. b3 c5 5. Bb5+ Nbd7 6. Bb2 a6 7. Bxd7+ Bxd7 8. 0-0 b5 9. Ne5 Be7 10. d3 c4 11. dxc4 bxc4 12. bxc4 dxc4 13. Nxd7 Qxd7 14. Qxd7+ Kxd7 15. Bd4 Rhc8 16. Nc3 Bc5 17. Bxc5 Rxc5 18. Rab1 Nd5 19. Rfd1 Kc6 20. Nxd5 exd5 21. Rd4 Re8 22. Kf2 Ra5 23. Rbd1 f5 24. R1d2 Rb8 25. g4 Rb2 26. gxf5 c3 27. Re2 Raxa2 28. e4 Rxc2 29. exd5+ Kc5 30. Rxc2 Rxc2+ 31. Ke3 Rd2 32. Ra4 Rxd5 33. Rxa6 c2 34. Ra5+ Kc4 35. Rxd5 c1Q+ 36. Rd2 Kc3 0-1

[Event "Muensterland Verbandsklasse-B 0203"]
[Site "Muensterland"]
[Date "2002.11.09"]
[Round "2.5"]
[White "Melcher, Guenter Herbert"]
[Black "Morrien, Rolf"]
[Result "1/2-1/2"]
[WhiteElo "1737"]
[BlackElo "1726"]
[PlyCount "55"]
[EventDate "2002.09.28"]
[EventType "team"]
[EventRounds "9"]
[EventCountry "GER"]
[SourceTitle "EXT 2004"]
[Source "ChessBase"]
[SourceDate "2003.11.25"]
[SourceVersion "1"]
[SourceVersionDate "2003.11.25"]
[SourceQuality "1"]
[WhiteTeam "Steinfurt"]
[BlackTeam "Metelen"]
[WhiteTeamCountry "GER"]
[BlackTeamCountry "GER"]

1. e4 d5 2. exd5 Qxd5 3. Nc3 Qa5 4. d4 c6 5. Nf3 Bg4 6. Be2 e6 7. 0-0 Nf6 8. Bd2 Qc7 9. h3 Bxf3 10. Bxf3 Be7 11. Ne2 Nbd7 12. c4 0-0 13. Bf4 Bd6 14. Bxd6 Qxd6 15. Qc2 Rac8 16. Rfd1 Rfd8 17. Qb3 Qb8 18. Nc3 h6 19. Rac1 Nb6 20. a4 Nbd7 21. a5 Qc7 22. Qa3 Qf4 23. Ne2 Qb8 24. a6 e5 25. axb7 Qxb7 26. Ng3 exd4 27. Rxd4 Ne5 28. Rxd8+ 1/2-1/2